000 00591nam a2200193Ia 4500
003 IN-BaIIA
008 211028s9999 xx 000 0 eng d
040 _cIIA Library
080 _a083.7:621.822.7
_bISI
110 _aIndian Standards Institution
245 0 _aIndian standard glossary of terms relating to rolling bearings
_cIndian Standards Institution
260 _aNew Delhi
_bIndian Standards Institution
_c1965
300 _a30p.
500 _aIS 2399 : 1964
650 _aNASA Thesaurus
650 _aRolling Bearings-Standards
_99186
650 _aStandards
_98876
942 _cBK
999 _c5195
_d5195